Quiet talks with world winners. (Record no. 12015)

000 -LEADER
fixed length control field 00525nam a2200181 a 4500
001 - CONTROL NUMBER
control field :::00009817$&:&@@
003 - CONTROL NUMBER IDENTIFIER
control field OkBaRHE
005 - DATE AND TIME OF LATEST TRANSACTION
control field 20000607103353.0
008 - FIXED-LENGTH DATA ELEMENTS--GENERAL INFORMATION
fixed length control field s1908 j 000 0 eng u
040 ## - CATALOGING SOURCE
Transcribing agency
100 1# - MAIN ENTRY--PERSONAL NAME
Personal name Gordon, S. D.
245 10 - TITLE STATEMENT
Title Quiet talks with world winners.
260 ## - PUBLICATION, DISTRIBUTION, ETC. (IMPRINT)
Place of publication, distribution, etc New York, NY., :
Name of publisher, distributor, etc Jennings and Graham
Date of publication, distribution, etc 1908
300 ## - PHYSICAL DESCRIPTION
Extent 280 p.
650 ## - SUBJECT ADDED ENTRY--TOPICAL TERM
Topical term or geographic name as entry element Sermons
General subdivision American
942 ## - ADDED ENTRY ELEMENTS (KOHA)
Source of classification or shelving scheme
Koha item type Books
Copies
Shelving location Full call number Not for loan Permanent Location Lost status Copy number Source of classification or shelving scheme Damaged status Date acquired Barcode Price effective from Withdrawn status Koha item type Date last seen
General StacksBV 4241 .G6 RHEMA Bible Training College 1  2010-04-1498172010-04-14 Books2010-04-14